| 000 | 00493nam a2200193Ia 4500 | ||
|---|---|---|---|
| 003 | GCL | ||
| 008 | 140319s9999 xx 000 0 eng d | ||
| 040 |
_aGCL / _cGCL |
||
| 082 | 0 | 4 |
_a620.1 _bD V |
| 100 | 1 | _aDORLING, KINDERSLEY | |
| 245 | 1 | 0 |
_aTHE VISUAL DICTIONARY OF EVERYDAY THINGS / _cDORLING, KINDERSLEY |
| 260 |
_a[S.N] : _bDORLING KINDERSLEY ، _c1991 |
||
| 300 | _a64 P | ||
| 650 | 0 | 4 | _aCLOCKS |
| 650 | 0 | 4 | _aSUIT |
| 650 | 0 | 4 | _aTELEPHONE |
| 650 | 0 | 4 | _aTYPEWRITER |
| 942 |
_2ddc _cBK |
||
| 999 |
_c12519 _d12519 |
||